Fr. Conceicao Rodrigues College of Engineering

Communication system (Record no. 20319)

MARC details
000 -LEADER
fixed length control field 00319nam a2200157Ia 4500
082 ## - DEWEY DECIMAL CLASSIFICATION NUMBER
Classification number 621.382
Item number HAY
100 ## - MAIN ENTRY--PERSONAL NAME
Personal name Haykin/Simon
250 ## - EDITION STATEMENT
Edition statement 4
245 ## - TITLE STATEMENT
Title Communication system
260 ## - PUBLICATION, DISTRIBUTION, ETC.
Name of publisher, distributor, etc. Wiley India
Date of publication, distribution, etc. 2001
300 ## - PHYSICAL DESCRIPTION
Extent 816
546 ## - LANGUAGE NOTE
Language note ENGLISH
-- TTL
650 ## - SUBJECT ADDED ENTRY--TOPICAL TERM
Topical term or geographic name entry element Communication
942 ## - ADDED ENTRY ELEMENTS (KOHA)
Koha item type BOOK
Holdings
Withdrawn status Lost status Damaged status Not for loan Collection Home library Current library Date acquired Source of acquisition Inventory number Total Checkouts Total Renewals Full call number Barcode Date due Date last seen Date last checked out Price effective from Koha item type
        CRC Fr. Agnel's C.Rodrigues College of Engineering Fr. Agnel's C.Rodrigues College of Engineering 17/03/2023 Book World 291 dt 19/04/2011 1 1 621.382 HAY 21500 15/08/2024 03/08/2024 03/08/2024   BOOK